|
|
|
|
| LEADER |
00676cam a2200193 7i4500 |
| 001 |
0000048892 |
| 005 |
20180328090000.0 |
| 020 |
|
|
|a 8120816269 (hbk.)
|
| 090 |
0 |
0 |
|a DS418
|b .F48 1999
|
| 100 |
1 |
|
|a Feuerstein, Georg
|
| 245 |
1 |
0 |
|a In search of the cradle of civilization :
|b new light on ancient India
|c Georg Feuerstein, Subhash Kak, and David Frawley.
|
| 260 |
|
|
|a New Delhi:
|b Motilal Banarsidass,
|c 1999.
|
| 300 |
|
|
|a 341 p.;
|c 23 cm.
|
| 500 |
|
|
|a Gift: Zainol Ahmad Resource Center
|
| 651 |
|
0 |
|a India --
|x Antiquities
|
| 651 |
|
0 |
|a India --
|x Civilization
|
| 700 |
1 |
|
|a Frawley, David
|
| 700 |
1 |
|
|a Kak, Subhash
|
| 999 |
|
|
|a 0000062539
|b BOK
|c OPEN SHELF
|e 1st Floor, Bestari Jaya
|